Cuatro siglos de cartografía en América / (Record no. 11456)

MARC details
000 -LEADER
campo de control de longitud fija 00862nam a2200277 i 4500
001 - NÚMERO DE CONTROL
campo de control 11456
003 - IDENTIFICADOR DE NÚMERO DE CONTROL
campo de control ES-MaACL
005 - FECHA Y HORA DE LA ÚLTIMA TRANSACCIÓN
campo de control 20250802233213.0
007 - CAMPO FIJO DE DESCRIPCIÓN FÍSICA--INFORMACIÓN GENERAL
campo de control de longitud fija t|
008 - DATOS DE LONGITUD FIJA--INFORMACIÓN GENERAL
campo de control de longitud fija 921030s1992 sp |||| | spa j
020 ## - NÚMERO INTERNACIONAL ESTÁNDAR DEL LIBRO
Número Internacional Estándar del Libro 84-7100-277-9
080 ## - NÚMERO DE LA CLASIFICACIÓN DECIMAL UNIVERSAL
Número de la Clasificación Decimal Universal 528.9(091)
080 ## - NÚMERO DE LA CLASIFICACIÓN DECIMAL UNIVERSAL
Número de la Clasificación Decimal Universal 912(7/8)"14/18"
100 1# - ENTRADA PRINCIPAL--NOMBRE DE PERSONA
Nombre de persona Rivera Novo, Belén.
9 (RLIN) 97660
245 10 - MENCIÓN DEL TÍTULO
Título Cuatro siglos de cartografía en América /
Mención de responsabilidad, etc. Belén Rivera Novo, Luisa Martín-Merás.
260 ## - PUBLICACIÓN, DISTRIBUCIÓN, ETC.
Lugar de publicación, distribución, etc. Madrid :
Nombre del editor, distribuidor, etc. MAPFRE,
Fecha de publicación, distribución, etc. [1992]
300 ## - DESCRIPCIÓN FÍSICA
Extensión 268 p. :
Otras características físicas il., map. ;
Dimensiones 23 cm.
490 1# - MENCIÓN DE SERIE
Mención de serie Mar y América ;
Designación de volumen o secuencia 16
500 ## - NOTA GENERAL
Nota general Índices.
504 ## - NOTA DE BIBLIOGRAFÍA, ETC.
Nota de bibliografía, etc. Bibliografía: p. 249-254.
650 #4 - PUNTO DE ACCESO ADICIONAL DE MATERIA--TÉRMINO DE MATERIA
Término de materia o nombre geográfico como elemento de entrada Cartografía-
Subdivisión geográfica América-
Subdivisión de forma Historia.
9 (RLIN) 165483
700 1# - ENTRADA AGREGADA--NOMBRE PERSONAL
Nombre de persona Martín Merás, Luisa
9 (RLIN) 179098
830 00 - PUNTO DE ACCESO ADICIONAL DE SERIE-TÍTULO UNIFORME
Título uniforme Colección Mar y América
Designación de volumen o secuencia 16
9 (RLIN) 228196
852 ## - LOCALIZACIÓN
Ubicación ES-MaACL
Número de control de estantería L-18781
Holdings
Estatus retirado Estado de pérdida Estado de daño No para préstamo Biblioteca de origen Biblioteca actual Ubicación en estantería Fecha de adquisición Fuente de adquisición Total de préstamos Signatura topográfica completa Código de barras Visto por última vez Precio de reemplazo Tipo de ítem Koha
        Biblioteca del Ateneo de Madrid Biblioteca del Ateneo de Madrid Depósito 2 17/01/2008     L-18781 1011679 23/02/2023 23/02/2023 Libro impreso